| 000 | 00839nam a22002651c 4500 | ||
|---|---|---|---|
| 001 | a987690962 | ||
| 008 | 181129s2016 gw |||| 000u rus d | ||
| 020 |
_a9785898965839 _9978-5-89896-583-9 |
||
| 041 | _arus | ||
| 100 | 1 | _aAstaškin, Dmitrij Jur'evič | |
| 245 | 0 | 0 |
_aOkkupacija. Soprotivlenie. Vozmezdie : _bNacistkij režim na Novgorodskoj zemle |
| 264 |
_aVelikij Novgorod, _c2016 |
||
| 300 | _a275 Seiten | ||
| 650 | 0 | _aWeltkrieg <1939-1945> | |
| 650 | 0 | _aWiderstand | |
| 650 | 0 | _aRusslandfeldzug <1941-1945> | |
| 650 | 0 | _aBesetzung | |
| 651 | 0 | _aWeliki Nowgorod | |
| 700 | 1 |
_aKovalev, Boris Nikolaevič _eVerfasserIn |
|
| 700 | 1 |
_aKulik, Sergej Vladimirovič _eVerfasserIn |
|
| 710 | 2 | _aNovgorodskij gosudarstvennyj universitet imeni Jaroslava Mudrogo | |
| 942 | _cMG | ||
| 040 | _cRU-10907106 | ||
| 003 | RU-10907106 | ||
| 999 |
_c52094 _d52094 |
||